[Event "Washington op Premier"]
[Site "Redmond"]
[Date "2010.05.30"]
[Round "3"]
[White "Qu, Frank"]
[Black "Brendemihl, Steven"]
[Result "1/2-1/2"]
[WhiteElo "1844"]
[BlackElo "1646"]
[PlyCount "21"]
[EventDate "2010.05.29"]
[EventType "swiss"]
[EventRounds "6"]
[EventCountry "USA"]
[SourceTitle "EXT 2017"]
[Source "ChessBase"]
[SourceDate "2016.10.25"]
[SourceVersion "1"]
[SourceVersionDate "2016.10.25"]
[SourceQuality "1"]

1. d4 d5 2. c4 c6 3. Nf3 Nf6 4. Nc3 dxc4 5. a4 Bf5 6. e3 e6 7. Bxc4 Bd6 8. 0-0 Nbd7 9. Qe2 0-0 10. e4 Bg6 11. Bg5 1/2-1/2

[Event "Washington Class-ch A"]
[Site "Redmond"]
[Date "2008.11.28"]
[Round "2"]
[White "Sloan, Carl J"]
[Black "Qu, Frank"]
[Result "1-0"]
[WhiteElo "1886"]
[BlackElo "1780"]
[PlyCount "41"]
[EventDate "2008.11.28"]
[EventType "swiss"]
[EventRounds "6"]
[EventCountry "USA"]
[SourceTitle "EXT 2017"]
[Source "ChessBase"]
[SourceDate "2016.10.25"]
[SourceVersion "1"]
[SourceVersionDate "2016.10.25"]
[SourceQuality "1"]

1. d4 Nf6 2. Nf3 e6 3. Bf4 c5 4. e3 Nc6 5. Nbd2 Be7 6. c3 b6 7. Bd3 Bb7 8. h3 a5 9. Qe2 d5 10. 0-0 0-0 11. Rac1 c4 12. Bb1 Re8 13. e4 b5 14. e5 Nd7 15. Rfe1 b4 16. Nf1 Bf8 17. Bxh7+ Kh8 18. Ng5 Qe7 19. Qh5 g6 20. Bxg6+ Kg7 21. Qh7# 1-0